| 000 | 00363nam a2200145Ia 4500 | ||
|---|---|---|---|
| 008 | 230917s9999||||xx |||||||||||||| ||und|| | ||
| 040 |
_e184475 _aMAIN |
||
| 041 | _aEnglish | ||
| 082 | _a417.095401 D631S | ||
| 100 | _aDiskalkar, D B | ||
| 245 | 0 | _aSelection from Sanskrit inscriptions | |
| 260 |
_aNew Delhi _bClassical _c1977 |
||
| 300 | _a224 p. | ||
| 942 | _cBK | ||
| 999 |
_c45697 _d45697 |
||